| 000 | 00634nam a2200169 a 4500 | ||
|---|---|---|---|
| 008 | 071003s2006 ||||||||||||||||| || u | ||
| 050 | _aZAM-PER(05) | ||
| 110 | _aTransparency International Zambia (TIZ) | ||
| 245 | 1 | 0 |
_aTI Zambia bulletin _cTrasparency International Zambia |
| 250 | _a2006 | ||
| 260 |
_aLusaka _bTransparency International Zambia _c2006 |
||
| 300 | _aperiodical | ||
| 350 | _a0.00 | ||
| 500 | _aJanuary-June 2006 | ||
| 650 | _aGOOD GAVERNANCE--ZAMBIA | ||
| 995 |
_D0.00 _FCBU-MAIN LIBRARY (Kitwe) _H1 _I0.00 _M1 _UAVAILABLE _WSep 8, 2008 _ZZambiana Collection |
||
| 999 |
_c59895 _d59895 |
||